000
00330nam a2200145Ia 4500
008
230312s9999||||xx |||||||||||||| ||und||
020
_a
81-317-3376-9
082
_a
658.87
_b
BER-R
100
_a
Berman;Barry
245
0
_a
Retail Management
260
_b
Dorling
_a
USA
_c
2011
300
_a
652
650
_a
Management
942
_c
BK
999
_c
4359
_d
4359